00586 2200217 4500001002100000005001700021008004100038035002400079082001200103090001700115245008500132260002700217300002500244500002600269650001900295850000900314980001500323985000600338986000900344999001500353YOGYA-0209000006846320090227092049.0 ind  0010-020900000068463 a624.171 a624.171bIlm aILMU gaya terpakaibmekanika teknik konstruksi statis tertentu untuk universitas aSemarangb[s.n.]c1980 a... jilbilusc25 cm aYang diterima : jl. 2 aTeknik mekanis aBPAD a15-12-2008 a1 aRuni aP000018870